00672nam a2200217Ia 450000500170000000800410001702000200005804000190007804100120009708200160010910000210012524500820014626000370022830000150026550400500028063000260033065000370035665100310039370000200042485000100044420250616115430.0131103s9999 xx 000 0 und d a1840461659c175 aLoreto College aEnglish a801.95bBEN aBenjamin, Walter aIntroducing Walter BenjamincHoward Caygill, Alex Coles and Andrzej Klimowski aCambridge,U.K.bIcon Booksc2000 a175b ill. aIncludes bibliographical references and index aCritic - 20th century aWalter Benjamin - life and works aPhilosopher - 20th century aCaygill, Howard aLCBED